कैफी आणि मी (Record no. 835251)

MARC details
000 -LEADER
fixed length control field 00658nam a2200205Ia 4500
008 - FIXED-LENGTH DATA ELEMENTS--GENERAL INFORMATION
fixed length control field 110201s9999 xx 000 0 und d
082 ## - DEWEY DECIMAL CLASSIFICATION NUMBER
Item number B9831
Classification number S 1911
100 ## - MAIN ENTRY--PERSONAL NAME
Personal name कैफी शौकत
100 ## - MAIN ENTRY--PERSONAL NAME
Personal name देसाई जयश्री
245 ## - TITLE STATEMENT
Title कैफी आणि मी
260 ## - PUBLICATION, DISTRIBUTION, ETC. (IMPRINT)
Name of publisher, distributor, etc मैत्रेय प्रकाशन
365 ## - TRADE PRICE
Price amount 150
600 ## - SUBJECT ADDED ENTRY--PERSONAL NAME
Personal name कैफी शौकत
600 ## - SUBJECT ADDED ENTRY--PERSONAL NAME
Personal name देसाई जयश्री
630 ## - SUBJECT ADDED ENTRY--UNIFORM TITLE
Uniform title कैफी आणि मी
700 ## - ADDED ENTRY--PERSONAL NAME
Personal name कैफी शौकत
700 ## - ADDED ENTRY--PERSONAL NAME
Personal name देसाई जयश्री
730 ## - ADDED ENTRY--UNIFORM TITLE
Uniform title कैफी आणि मी
942 ## - ADDED ENTRY ELEMENTS (KOHA)
Koha item type Book
Holdings
Withdrawn status Lost status Damaged status Not for loan Home library Current library Date acquired Cost, normal purchase price Total Checkouts Barcode Date last seen Cost, replacement price Price effective from Koha item type
        Prof.Manikrao Kirtane Vachanalaya, Vashi, Navi Mumbai Prof.Manikrao Kirtane Vachanalaya, Vashi, Navi Mumbai 02/01/2011 150.00   PMKV-B9831 02/01/2011 150.00 02/01/2011 Book